Films Pixar ayant eu le plus de succès en France - Statistiques

Statistiques générales
  • Ce quiz a été pris 282 fois
  • Le résultat moyen est 7 sur 10
Statistiques - réponses
Année Entrées (en millions) Film % Correct
2000 4,5 Toy Story 2
90%
2010 4,4 Toy Story 3
90%
2003 9,6 Le Monde de Nemo
78%
2002 3,5 Monstres et Cie
72%
2009 4,5 Là-haut
69%
2004 5,7 Les Indestructibles
65%
2008 3,3 WALL-E
65%
2015 4,5 Vice Versa
64%
2016 3,4 Le Monde de Dory
63%
2007 7,8 Ratatouille
62%
Aucun quiz correspondant
Distribution des résultats
% des personnes avec chaque résultat
Percentile par nombre de réponses
Votre historique - résultats
Vous n’avez pas pris ce quiz